00179nam a2200073Ia 4500082001200000245003100012100002100043008004100064 aAF SCHM 0aWenners in die liefdespel  aSchmidt, Magda 210825s9999 xx 000 0 und d